| 000 | 00578cam a2200229 4500 | ||
|---|---|---|---|
| 001 | J62443 | ||
| 008 | 000000n1999 000 0 eng u | ||
| 035 | _a(Sirsi) u108812 | ||
| 041 | _aeng | ||
| 050 | _a634.92 | ||
| 110 |
_aInvestment Property Databank _92288 |
||
| 245 | _aIPD forestry index 1999 | ||
| 260 |
_aLondon _bInvestment Property Databank _c1999 |
||
| 300 | _a1 folded sheet (6p.) ; 30cm. | ||
| 350 | _a0 | ||
| 650 | _aFORESTRY INDEX | ||
| 650 | _aINDICES | ||
| 650 | _aINVESTMENT | ||
| 650 | _aTIMBER PRICES | ||
| 690 | _aRURAL PRACTICE | ||
| 942 | _n0 | ||
| 999 |
_c100857 _d100857 |
||